000 01188cam a2200385 a 4500
003 CHAP
005 20220329142132.0
008 991011d1911 fr a r 00110 fre d
010 _a79003
011 _a79975
035 _a90412
040 _cCHAP
082 0 4 _a633
_bD32 1911
100 0 0 _aDamseaux, Ad.
_931012
245 1 0 _aLes plantes de la grande culture :
_bpar
_c/Ad. Damseaux
250 _a3ed.
260 _aParis :
_bNAMUR,
_c1911.
300 _a488 p. :
_bilus. ; cuadros
590 _aBATCH-UPD
_b10
_c20130110
_lUCH01
_h0239
590 _aBATCH-UPD
_b10
_c20130110
_lUCH01
_h1241
590 _aBATCH-UPD
_b10
_c20130410
_lUCH01
_h1221
590 _aBATCH-UPD
_b10
_c20130914
_lUCH01
_h0915
590 _aCONVERSION
_b10
_c20130109
_lUCH01
_h1344
650 1 4 _aCereales.
_921370
650 1 4 _aCultivos.
_930221
650 1 4 _aFibras textiles.
_940700
650 1 4 _aLeguminosas.
_965807
650 1 4 _aPlantas forrajeras.
_988943
650 1 4 _aPlantas oleaginosas.
_989032
650 1 4 _aTubérculos y cultivos de raíz.
_9115479
901 _aBK
905 _aAlejandra Carrasco M.
942 _cLIBRO
949 _a633 D32 1911
_bBC
_cBPP
_d33724000742748
_eBPP
_h93237
_i90412
_sb
999 _c79003
_d79003